INDUSTRIAL ORGANIZATIONAL PSYCHOLOGY RESEARCH AND PRACTICE (Record no. 26862)

MARC details
000 -LEADER
fixed length control field 00454nam a22001697a 4500
003 - CONTROL NUMBER IDENTIFIER
control field SGT
020 ## - INTERNATIONAL STANDARD BOOK NUMBER
International Standard Book Number 9788126558599
082 ## - DEWEY DECIMAL CLASSIFICATION NUMBER
Classification number 150
Item number I23S
100 ## - MAIN ENTRY--PERSONAL NAME
Personal name SPECTOR, PAUL E.
245 ## - TITLE STATEMENT
Title INDUSTRIAL ORGANIZATIONAL PSYCHOLOGY RESEARCH AND PRACTICE
250 ## - EDITION STATEMENT
Edition statement 1ST
260 ## - PUBLICATION, DISTRIBUTION, ETC. (IMPRINT)
Place of publication, distribution, etc INDIA
Name of publisher, distributor, etc WILEY PUB
Year of Publication 2023
300 ## - PAGE DESCRIPTION
No. of Pages 441
650 ## - SUBJECT ADDED ENTRY--TOPICAL TERM
Topical term or geographic name as entry element CLINICAL PSYCHOLOGY
653 ## - KEYWORDS--INDEX TERM
Keyword term INDUSTRIAL ORGANIZATIONAL PSYCHOLOGY RESEARCH AND PRACTICE
942 ## - ADDED ENTRY ELEMENTS (KOHA)
Source of classification or shelving scheme Dewey Decimal Classification
Koha item type Books
Holdings
Withdrawn status Lost status Source of classification or shelving scheme Damaged status Not for loan Collection code Home library Current library Shelving location Date acquired Vendor Name Cost, normal purchase price SGTU Bill Number Full call number Accession No. (Barcode) Date last seen Bill Date Koha item type Total Checkouts
    Dewey Decimal Classification   Not For Loan MEDICAL SGT Medical Library SGT Medical Library Reference Book 30/08/2024 SAVERA BOOK DISTRIBUTORS 729.00 SGTU 24-24/CRB/186 150 I23S FM14501 30/08/2024 25/06/2024 Books  
    Dewey Decimal Classification     MEDICAL SGT Medical Library SGT Medical Library Text Book 30/08/2024 SAVERA BOOK DISTRIBUTORS 729.00 SGTU 24-24/CRB/186 150 I23S FM14502 30/08/2024 25/06/2024 Books